00710nam a2200145Ia 4500008004100000082002500041100004100066245016600107260002400273300001100297502009200308650004800400952009900448999001700547120622s9999 xx 000 0 und d aT 387.742 R763p 1999 aRomero López, Alejandro de Jesús aPropuesta de un programa de calidad en el servicio de reservaciones y venta de espacios aereos en una aerolínea comercial / Alejandro de Jesús Romero López aMéxico : El autor a135 h. aTESIS (Lic. en administración hotelera). -- Universidad Insurgentes. Plantel Viaducto a1. CALIDAD EN LINEAS AEREAS \ 2. TURISMOÌ 00104070a01b01d2007-01-25l0oT 387.742 R763P 1999p01 006903r2012-06-24w2012-06-24yLB c55676d55676